000 00721nam a2200265Ia 4500
005 20260121165040.0
008 008 260114s9999 xx 000 0 eng d
020 _a9781137540898
037 _aEBOOK
040 _aCRL
040 _beng
040 _cCRL
041 _2eng
041 _aeng
084 _qCRL
100 _aTeresita Cruz-del Rosario, James M. Dorsey
_91046893
245 0 _aComparative Political Transitions between Southeast Asia and the Middle East and North Africa
260 _bSpringer
260 _bSpringer
260 _c2016
856 _uhttps://link.springer.com/openurl?genre=book&isbn=978-1-137-54089-8
942 _cEBOOK
999 _c1612618
_d1612618